Konkurzné konanie viazne aj kvôli legislatíve

Poslednou novelou zákona o konkurze a vyrovnaní č. 328/1991 Zb. uverejnenou ako zákon č. 238/2000 Z.z. sa očakávali zmeny pri celkovom zrýchlení konkurzného konania, lebo ňou bola ustanovená maximálna lehota 18 mesiacov od vyhlásenia konkurzu po vypracovanie konečnej správy o speňažovaní majetku z k...

ver descrição completa

Na minha lista:
Detalhes bibliográficos
Autor principal: Vechter, Juraj
Formato: Capítulo de Livro
Idioma:eslovaco
Assuntos:
Tags: Adicionar Tag
Sem tags, seja o primeiro a adicionar uma tag!

MARC

LEADER 00000naa a2200000 4500
001 r041053
005 20230720103212.3
041 0 |a slo 
044 |a SK 
245 1 0 |a Konkurzné konanie viazne aj kvôli legislatíve  |c Juraj Vechter 
520 |a Poslednou novelou zákona o konkurze a vyrovnaní č. 328/1991 Zb. uverejnenou ako zákon č. 238/2000 Z.z. sa očakávali zmeny pri celkovom zrýchlení konkurzného konania, lebo ňou bola ustanovená maximálna lehota 18 mesiacov od vyhlásenia konkurzu po vypracovanie konečnej správy o speňažovaní majetku z konkurznej podstaty. Ťažkosti pri uplatňovaní veriteľských práv. Časová následnosť dôležitých úkonov súdu a správcu konkurznej podstaty pri konkurznom konaní a nútenom vyrovnaní. 
610 2 0 |a konkurzy 
610 2 0 |a konanie konkurzné 
610 2 0 |a vyrovnanie 
610 2 0 |a majetok hmotný 
610 2 0 |a majetok nehmotný 
610 2 0 |a právo obchodné 
610 2 0 |a veritelia 
610 2 0 |a súdy 
610 2 0 |a zákony 
610 2 0 |a Slovensko 
100 1 |a Vechter, Juraj